| 000 | 00406pab a2200145 454500 | ||
|---|---|---|---|
| 008 | 180718b2002 xxu||||| |||| 00| 0 eng d | ||
| 100 | _aSinha, Narain | ||
| 245 | _aGibson paradox, trend-stationarity and interest rate targetting - an econometric analysis | ||
| 260 | _c2002 | ||
| 300 | _ap.63-70. | ||
| 362 | _aJul-Sep | ||
| 650 | _aInterest rates | ||
| 773 | _aIndian Economic Journal | ||
| 909 | _a55371 | ||
| 999 |
_c55371 _d55371 |
||